| 000 | 01712cam a22004574a 4500 | ||
|---|---|---|---|
| 001 | muse92041 | ||
| 003 | MdBmJHUP | ||
| 005 | 20210127151822.0 | ||
| 006 | m o d | ||
| 007 | cr||||||||nn|n | ||
| 008 | 770104s1976 miu o 00 0 eng d | ||
| 010 | _z 76383551 | ||
| 020 | _a9780472901838 | ||
| 020 | _z0892640243 : | ||
| 020 | _z9780892640249 | ||
| 035 | _a(OCoLC)1184507645 | ||
| 040 |
_aMdBmJHUP _cMdBmJHUP |
||
| 043 |
_aa-cc--- _aa-ch--- |
||
| 050 | 0 | 4 |
_aCD2291.T34 _bD66 |
| 082 | 0 | _a016.951/04 | |
| 100 | 1 |
_aDonovan, Peter Williams, _d1945- |
|
| 245 | 1 | 0 |
_aChinese Communist Materials at the Bureau of Investigation Archives, Taiwan _cby Peter Donovan, Carl E. Dorris, and Lawrence R. Sullivan. |
| 264 | 1 | _bCenter for Chinese Studies, University of Michigan, | |
| 264 | 3 | _bProject MUSE, | |
| 300 | _a1 online resource (viii, 105 p.) | ||
| 504 | _aIncludes bibliographical references. | ||
| 506 | 0 |
_aOpen Access _fUnrestricted online access _2star |
|
| 588 | _aDescription based on print version record. | ||
| 610 | 1 | 0 |
_aChina (Republic of China). _bSsu fa hsing cheng pu. _bTiao chʻa chü. |
| 651 | 0 |
_aChina _xHistory _y20th century _xSources _xBibliography _xCatalogs. |
|
| 655 | 7 |
_aElectronic books. _2local |
|
| 700 | 1 |
_aSullivan, Lawrence R., _ejoint author. |
|
| 700 | 1 |
_aDorris, Carl E. _q(Carl Eugene), _d1944- |
|
| 710 | 2 |
_aProject Muse. _edistributor |
|
| 830 | 0 | _aBook collections on Project MUSE. | |
| 856 | 4 | 0 |
_zFull text available: _uhttps://muse.jhu.edu/book/77822/ |
| 999 |
_c27147 _d27147 |
||